| 000 | 01468nam a22002297a 4500 | ||
|---|---|---|---|
| 001 | 9580 | ||
| 003 | FISKH | ||
| 005 | 20260123155046.0 | ||
| 008 | 260123b cb ||||| |||| 00| 0 eng d | ||
| 020 | _a9780571334650 | ||
| 040 |
_aFISKH _beng _cFISKH _dFISKH |
||
| 050 | _aPR6118 .O59 | ||
| 082 | _a823.92 | ||
| 100 | _aRooney , Sally | ||
| 245 |
_aNormal people / _cBy Sally Rooney |
||
| 260 |
_aLondon : _bFaber , _c2018 . |
||
| 300 |
_a 266 pages ; _billustrations ; _c 20 cm . |
||
| 520 | _a"At school Connell and Marianne pretend not to know each other. He's popular and well-adjusted, star of the school football team, while she is lonely, proud, and intensely private. But when Connell comes to pick his mother up from her job at Marianne's house, a strange and indelible connection grows between the two teenagers--one they are determined to conceal. A year later, they're both studying at Trinity College in Dublin. Marianne has found her feet in a new social world while Connell hangs at the sidelines, shy and uncertain. Throughout their years at university, Marianne and Connell circle one another, straying toward other people and possibilities but always magnetically, irresistibly drawn back together. And as she veers into self-destruction and he begins to search for meaning elsewhere, each must confront how far they are willing to go to save the other" -- show less | ||
| 650 |
_aComing of age _vFiction |
||
| 942 |
_2ddc _cBK _n0 |
||
| 999 |
_c9580 _d9580 |
||